00327nam a2200109 a 4500008004100000050002200041100002600063245005100089246005900140260000900199350000900208120416s9999 ||||||||||||||||| || u aCBU-UG THESIS/MAK aMakungu, Nsama Robert14aThe role of marketing in a free market economy aa case of Zambia Postal Services Corporation (ZAMPOST) a2002 a0.00